(m)KdV solitons on the backround of quasi-periodic finite-gap solutions
Αποθηκεύτηκε σε:
| Κύριος συγγραφέας: | |
|---|---|
| Άλλοι συγγραφείς: | |
| Μορφή: | Βιβλίο |
| Γλώσσα: | English |
| Δημοσίευση: |
Providence, R.I. :
American Mathematical Society,
1995
|
| Σειρά: | Memoirs of the American Mathematical Society ;
; 563 |
| Θέματα: | |
| Ετικέτες: |
Προσθήκη ετικέτας
Δεν υπάρχουν, Καταχωρήστε ετικέτα πρώτοι!
|
MARC
| LEADER | 00000nam a2200000 i 4500 | ||
|---|---|---|---|
| 001 | 1/91237 | ||
| 008 | 991014s1995 eng d | ||
| 020 | |a 0-8218-0406-5 | ||
| 035 | |l 10053495 | ||
| 040 | |a GR-MY-UA |b gre |e aacr | ||
| 041 | 0 | |a eng | |
| 082 | 0 | |a 530.155353 | |
| 100 | 1 | |a Gesztesy, Fritz, |d 1953- | |
| 245 | 1 | 0 | |a (m)KdV solitons on the backround of quasi-periodic finite-gap solutions / |c Fritz Gesztesy, Roman Svirsky |
| 260 | |a Providence, R.I. : |b American Mathematical Society, |c 1995 | ||
| 300 | |a viii, 88 p.; |b ill.; |c 26 cm. | ||
| 490 | 1 | |a Memoirs of the American Mathematical Society |v ; 563 | |
| 500 | |a "November 1995, volume 118, number 563 (first of 5 numbers)" | ||
| 500 | |a Includes bibliographical references | ||
| 650 | 0 | 0 | |a Solitons. |
| 650 | 0 | 0 | |a Korteweg-de Vries equation. |
| 700 | 1 | |a Svirsky, Roman. | |
| 830 | 0 | |a Memoirs of the American Mathematical Society ; |v ; 563 | |
| 852 | |a INST |b SAMOS |e 19991014 |h 530.155353 GES |p 005300012424 |q 005300012424 |t BK |y 0 | ||
| 901 | |a BIBL3-1999-3 | ||
| 909 | |a Σ |b 063339 | ||
| 922 | |a 3ΕΛΗ |b 199907 |c ΕΠΕΑΕΚ/ΜΑΘ |d ΠΑΠΑΣΩΤΗΡΙΟΥ | ||
| 970 | |a ΠΟΥΡΝΑΡΑΣ |b ΔΗΜΗΤΡΗΣ |z 1999/10/14 | ||